Evaluation of human work / (Record no. 23760)

000 -LEADER
fixed length control field 01316cam a22003014a 4500
001 - CONTROL NUMBER
control field 13734970
003 - CONTROL NUMBER IDENTIFIER
control field NUST
005 - DATE AND TIME OF LATEST TRANSACTION
control field 20170608123524.0
008 - FIXED-LENGTH DATA ELEMENTS--GENERAL INFORMATION
fixed length control field 040929s2005 flua b 001 0 eng
010 ## - LIBRARY OF CONGRESS CONTROL NUMBER
LC control number 2004058531
020 ## - INTERNATIONAL STANDARD BOOK NUMBER
International Standard Book Number 0415267579 (alk. paper)
040 ## - CATALOGING SOURCE
Original cataloging agency DLC
Transcribing agency RCMS
Modifying agency DLC
042 ## - AUTHENTICATION CODE
Authentication code pcc
050 00 - LIBRARY OF CONGRESS CALL NUMBER
Classification number T59.7
Item number .E93 2005
082 00 - DEWEY DECIMAL CLASSIFICATION NUMBER
Classification number 620.8/2 WIL
Edition number 22
100 ## - MAIN ENTRY--PERSONAL NAME
Personal name Edited by John R. Wilson And Nigel Corlett
9 (RLIN) 2300
245 00 - TITLE STATEMENT
Title Evaluation of human work /
Statement of responsibility, etc. edited by John R. Wilson and Nigel Corlett.
250 ## - EDITION STATEMENT
Edition statement 3rd ed.
260 ## - PUBLICATION, DISTRIBUTION, ETC.
Place of publication, distribution, etc. Boca Raton, FL :
Name of publisher, distributor, etc. Taylor & Francis,
Date of publication, distribution, etc. c.2005.
300 ## - PHYSICAL DESCRIPTION
Extent xix, 1026 p. :
Other physical details ill. ;
Dimensions 26 cm.
504 ## - BIBLIOGRAPHY, ETC. NOTE
Bibliography, etc. note Includes bibliographical references and index.
538 ## - SYSTEM DETAILS NOTE
Display text Shelf No 1 Row No 4
650 #0 - SUBJECT ADDED ENTRY--TOPICAL TERM
Topical term or geographic name entry element Human engineering.
9 (RLIN) 2301
650 #0 - SUBJECT ADDED ENTRY--TOPICAL TERM
Topical term or geographic name entry element Human-machine systems.
9 (RLIN) 2302
700 1# - ADDED ENTRY--PERSONAL NAME
Personal name Wilson, John R.,
Dates associated with a name 1951-
9 (RLIN) 2303
700 1# - ADDED ENTRY--PERSONAL NAME
Personal name Corlett, E. N.
Fuller form of name (Esmond Nigel)
9 (RLIN) 2304
856 42 - ELECTRONIC LOCATION AND ACCESS
Materials specified Publisher description
Uniform Resource Identifier <a href="http://www.loc.gov/catdir/enhancements/fy0647/2004058531-d.html">http://www.loc.gov/catdir/enhancements/fy0647/2004058531-d.html</a>
906 ## - LOCAL DATA ELEMENT F, LDF (RLIN)
a 7
b cbc
c orignew
d 1
e ocip
f 20
g y-gencatlg
942 ## - ADDED ENTRY ELEMENTS (KOHA)
Source of classification or shelving scheme
Koha item type Book
Holdings
Withdrawn status Lost status Source of classification or shelving scheme Damaged status Not for loan Permanent Location Current Location Shelving location Date acquired Total Checkouts Full call number Barcode Date last seen Date last checked out Price effective from Koha item type
          Central Library (CL) Central Library (CL) General Stacks 01/06/2014 1 620.82WIL RCMS002481 06/03/2015 09/04/2014 01/06/2014 Book
© 2023 Central Library, National University of Sciences and Technology. All Rights Reserved.